Guess the Taylor Swift Song (Fearless TV) 1 - Statistics

General Stats
  • This quiz has been taken 19 times
  • The average score is 264 of 345
Answer Stats
Answer % Correct
a
100%
and
100%
And
100%
I
100%
love
100%
me
100%
"You
100%
you
100%
my
92%
the
92%
your
92%
a.m.
83%
are
83%
But
83%
for
83%
in
83%
is
83%
like
83%
miss
83%
of
83%
says
83%
says,
83%
so
83%
So
83%
that
83%
to
83%
You're
83%
all
75%
could
75%
couldn't
75%
feel
75%
fine
75%
He
75%
he
75%
hear,
75%
his
75%
I'm
75%
it's
75%
It's
75%
look
75%
loved
75%
name
75%
need
75%
that's
75%
up
75%
when
75%
with
75%
2
67%
act
67%
ask
67%
at
67%
away
67%
beautiful
67%
better
67%
Cause
67%
coming
67%
cursing
67%
down
67%
everything
67%
fighting
67%
friends
67%
get
67%
into
67%
kissing
67%
knew
67%
never
67%
Never
67%
not
67%
now
67%
perfectly
67%
rain
67%
screaming
67%
see
67%
tonight"
67%
way
67%
were
67%
anything
58%
Breaking
58%
breaking
58%
by
58%
can't
58%
car
58%
door
58%
feeling
58%
Got
58%
heart's
58%
incredible
58%
insane
58%
jealous
58%
Just
58%
kind
58%
much
58%
oh
58%
oh,
58%
Oh
58%
opens
58%
rush
58%
single
58%
smile
58%
some
58%
will
58%
business
50%
calls
50%
charming
50%
close
50%
coaster
50%
comfortable
50%
crazy
50%
endearing
50%
exactly
50%
faking
50%
father
50%
frustrating,
50%
He's
50%
mistake
50%
mother
50%
respects
50%
roller
50%
sensible
50%
Talks
50%
undone
50%
wait
50%
wild
50%
complicated
42%
intoxicating,
42%
makes
42%
space
42%
Whoa
33%
whoa
33%
No matching quizzes found
Score Distribution
Percent of People with Each Score
Percentile by Number Answered
Your Score History
You have not taken this quiz